Quizzes
Events
Quiz Creation
Community
Videos
Private Events
Remove Ads
Sign In
Join for FREE
Feedback
Dark Mode
Quiz Categories
Sports
Geography
Music
Movies
Television
Just For Fun
Miscellaneous
History
Literature
Language
Science
Gaming
Entertainment
Religion
Holiday
For Kids
Quiz Lab
Recent
Popular Today
Quiz Kudos Today
Editor Picks
Curator Picks
Quizzes by...
Day
Popularity
Type
Ratings
Length
Year
Community
Subscriptions
Recent Discussions
Orange Saloon
Badges
Playlists
Quests
Create
Leaderboards
Showdown
Live 5
Trivia Bingo
Activity
Puzzle Library
Sporcle Events
Private Events
Virtual Trivia
Globe League
Become a Host
Pub Owners
SporcleCon
Opinionation
Our Games
Videos
Blog
Mobile Apps
Partnerships
Remove Ads and Go Orange
Feedback
Holiday
Halloween
Christmas
Holiday Songs
April Fools'
Thanksgiving
Valentine's Day
Easter
St Patrick's Day
National Holiday
Religious Holiday
Holiday
Halloween
Christmas
Holiday Songs
April Fools'
Thanksgiving
Valentine's Day
Easter
St Patrick's Day
National Holiday
Religious Holiday
Random Quiz
Search Sporcle
×
Featured
Featured
Holiday
Holiday Songs
Type in answers that appear in a list
Type in answers that appear in a list
Classic
Best Score? Go Orange.
Mele Kalikimaka Lyrics Stats
Can you fill in the lyrics to Bing Crosby's 'Mele Kalikimaka'?
By
jayellcs
5m
105 Questions
9,489 Plays
9,489 Plays
9,489 Plays
Comments
Comments
Give Quiz Kudos
Give Quiz Kudos
-
- Ratings
hide this ad
Replay
Link that replays current quiz
Next Quiz
Link to next quiz in quiz playlist
You Got
0%
They Got
Avg Score
73%
Avg Friend Score
Upgrade to see
Score Distribution
Jump to the score distribution portion of the page
Score
0/105
Timer
05:00
1
Play Today
% Correct
a
93.6%
a
93.6%
a
93.6%
Mele
90.8%
Mele
90.8%
Mele
90.8%
Kalikimaka
89.3%
Kalikimaka
89.3%
Kalikimaka
89.3%
the
88.3%
the
88.3%
the
88.3%
the
88.3%
the
88.3%
the
88.3%
the
88.3%
to
87.2%
to
87.2%
to
87.2%
to
87.2%
to
87.2%
to
87.2%
to
87.2%
to
87.2%
is
87.1%
is
87.1%
is
87.1%
Christmas
85.8%
Christmas
85.8%
Christmas
85.8%
Christmas
85.8%
Christmas,
85.8%
Christmas,
85.8%
Christmas
85.8%
you,
84.1%
% Correct
you.
84.1%
you.
84.1%
say
83.4%
say
83.4%
say
83.3%
Merry
81.1%
Merry
81.1%
Merry
81.1%
Merry
81.1%
Merry
81.1%
on
78.7%
Day.
77%
day
77%
day
77%
Hawaiian
76.1%
way
74.1%
way
74.1%
and
73.4%
and
73.4%
and
73.4%
and
73.4%
bright
72.1%
bright;
72.1%
bright;
72.1%
thing
71.7%
be
68.3%
be
68.3%
we
68%
we
68%
we
68%
very
66.4%
very
66.4%
very
66.4%
that
65.2%
that
65.2%
% Correct
that
65.2%
island
64.3%
night.
62.6%
night.
62.6%
sun
62.4%
sun
62.4%
at
61.3%
at
61.3%
where
61.3%
all
60.6%
all
60.6%
will
59.6%
will
59.6%
trees
58%
palm
58%
stars
57.5%
stars
57.5%
sway.
56.8%
greeting
56.8%
shine
56.2%
shine
56.2%
from
56.2%
That's
55.2%
know
54.6%
know
54.6%
land
54.5%
Here
53.6%
Here
53.6%
green
53.3%
green
53.3%
by
53%
by
53%
send
49.4%
Hawaii's
45.8%
Hawaii's
45.8%
Quiz Playlist
Details
Report
Send in Message
Add To Playlist
Classic:
Type in answers that appear in a list
Last Updated: Dec 20, 2021
Featured
Editor Pick in
Holiday
Quiz Scoreboard
CHALLENGE
Sign Up to Join the Scoreboard
Show All
Scores
Hide
Comments
May contain spoilers
Recently Published
9x9 Crossword: Cartoon Network
by jackfrog10
Miscellaneous
3m
College Basketball Coaching Resumes
by pancakes188
Sports
9m
Billboard Blitz: Fleetwood Mac
by CooCooCachoo
Music
15s
More to Explore
Quiz From the Vault
Featured Blog Post
Where Did the Easter Bunny Come From?
hide this ad
You Might Also Like...
Tags
Christmas Quiz
Holiday Songs Quiz
Lyrics Quiz
Hawaii
Merry Christmas
Today's Top Quizzes in Holiday
Browse Holiday
hide this ad
Today's Top Quizzes in Holiday Songs
Browse Holiday Songs
Top Contributed Quizzes in Holiday
1
5-to-1: Holiday Songs
2
5-to-1: Thanksgiving
3
Easter - Did You Know?
4
Word Ladder: Four Leaf Clover
5
Show What You Know: US Federal Holidays
6
3-per Word Ladder: Listen Up!
7
Slices of Holidays
8
Who Does Mariah Carey Want For Christmas?
9
A 50/50 Shot: Christmas Edition
10
Holidays Spelling Bee
Explore More
Trending Topics
Disney
NBA
Harry Potter
Anime
Crossword
Kpop
Marvel
Puzzle
Song
WWE
Soccer
The Office
NFL
Pokémon
Country
hide this ad
More By:
jayellcs
Quiz
Plays
Rating
Category
Featured
Created
Christmas Songs: Light, Bright or Night?
30,247
4.41
Holiday
Nov 24, 2015
Follow that Line: Parks and Recreation (series 3)
13,212
4.83
Television
Jul 16, 2013
Parks and Rec: Who am I? II
10,781
4.50
Television
Mar 5, 2014
Mele Kalikimaka Lyrics
9,488
4.76
Holiday
Nov 27, 2014
Follow that Line: Parks and Recreation (series 1 & 2)
7,339
4.83
Television
Jul 15, 2013
Go to Creator's Profile
Score Distribution
Quiz Creator Spotlight
jayellcs
Follow
Send a Message
Quizzes Created
-
Created Quiz Play Count
-
More By This Creator
Popular Quizzes Today
1
Find the US States - No Outlines Minefield
2
Find the Countries of Europe - No Outlines Minefield
3
The Countries of the World
4
Find the US States
5
Risky Map Clicking: Biggest States A-Z
6
US States
7
Popular People in 1961
8
Movies - When Are They Set?
More Holiday Quizzes
Ascending Christmas Trivia
Editor's Pick
Trending Quizzes
Risky Map Clicking: Least Populous States A-Z
1-10 Letter G Words
1-10 Letter F Words
Risky Map Clicking: Next State Alphabetically
Adjectives in 80s TV Shows
Recently Updated
Leaping Animals
pecheneg
Reality TV Shows (A-Z)
bhenderson79
Rickey Henderson's Hall of Fame Teammates
pecheneg
Champions League XIs: Arsenal
pecheneg
Quick Pick: Celebrities in WWE's Hall of Fame
aduchscher
A-Z Keypad Blitz II
pecheneg
Multiple Oscar Actors
pecheneg
Mystery Phrase Blitz: Oscar 'Best Actors'
pecheneg
F. Scott Fitzgerald Novels
LTH
Pick 3 Villains
ddd62291
Trending Topics
NBA
Crossword
Harry Potter
Disney
Kpop
Anime
Marvel
NFL
Song
The Office
Country
Puzzle
Pokémon
Soccer
WWE
Your Account Isn't Verified!
In order to create a playlist on Sporcle, you need to verify the email address you used during registration. Go to your
Sporcle Settings
to finish the process.
Report this User
Report this user for behavior that violates our
Community Guidelines
.
Details:
Send Report
Go to the Sporcle.com Mobile Site →
Comments